000 00481nam a2200157Ia 4500
999 _c20434
_d20434
003 OSt
005 20200618132714.0
008 190216s9999||||xx |||||||||||||| ||und||
040 _coclc
082 _a954.02
_bLAN/M
100 _aLane-Poole, Stanley
_92361
245 0 _aMediaeval India Under Mohammedan Rule /
_cStanley Lane-Poole
260 _bLow Price Publications,
_c1990.
_aDelhi:
300 _a366p
942 _cBK
_2ddc
_h954.02
_iLAN/M
_k954.02
_mLAN/M